000
00214nam a2200097Ia 4500
008
220204s9999 xx 000 0 und d
082
_a
82-3
_b
MAU
100
_a
Maugham, W Somerset
245
0
_a
Magician
942
_c
BK
999
_c
38599
_d
38599